000 00511nam a2200193Ia 4500
005 20240823052602.0
008 240823s9999||||xx |||||||||||||| ||und||
020 _a978-81-8209-378-2
041 _aENGLISH
082 _A005.43 Q4
100 _aSridhar V
245 0 _aOperating Systems: Concise Clear and Simple Version
250 _a1st
260 _c2014
_bVijay Nicole Imprints Private Li
500 _aTRANSFERED
650 _aOperating Systems
_bComputer Science
942 _cBK
999 _c222216
_d222216